冷笑冷笑冷笑冷笑 - Statistics

General Stats
  • This quiz has been taken 6 times
  • The average score is 2 of 11
Answer Stats
% Correct
うおw からの
100%
どわーw からの
50%
🗿🍷ガチイク! からの
17%
けけっw からの
17%
てやんでいw からの
17%
「あ」
0%
ひひっw からの
0%
…ったくw からの
0%
よせやいw からの
0%
あたぼうよw からの
0%
あらよっとw からの
0%
No matching quizzes found
Score Distribution
Percent of People with Each Score
Percentile by Number Answered
Your Score History
You have not taken this quiz